| 000 | 00904naa a2200169 i 4500 | ||
|---|---|---|---|
| 001 | 10436 | ||
| 003 | KOSZ 005 | ||
| 005 | 20180423115512.0 | ||
| 008 | 180423s2000 pl a f |100 0 pol | ||
| 040 |
_aKOSZ 005/AR _cKOSZ 005/AR |
||
| 100 | 1 |
_aMŁYNARCZYK, Aneta. _d1999 - 2009. _bPolitechnika Koszalińska - Wydział Ekonomii i Zarządzania, _cKatedra Nauk Humanistycznych i Stosunków Międzynarodowych |
|
| 245 | 1 | 0 |
_aBitwa o Monte Cassino w poezji polskiej 1944 roku / _cAneta Młynarczyk. |
| 655 | 0 | _aMateriały konferencyjne. | |
| 711 | 2 | 2 |
_aBitwa o Monte Cassino 1944 : geneza, przebieg, opinie _n(1 ; _d11 grudnia 2000 ; _cKoszalin/Polska) |
| 773 | 0 |
_iW : _tBitwa o Monte Cassino 1944 : geneza, przebieg, opinie : I konferencja naukowa, Koszalin, 11 grudnia 2000 r. T. 1 / red. Bogusław Polak. - _dKoszalin : Wydaw. Uczelniane PK, 2000. - _gs. 269-277 _z8388283510 |
|
| 942 |
_2UKD _cROZ |
||
| 999 |
_c10436 _d10436 |
||